| 000 | 00489cam a2200169 4500 | ||
|---|---|---|---|
| 001 | M97972 | ||
| 008 | 090401t1999 xxu||||| |||| 00| 0 eng d | ||
| 035 | _a(Sirsi) u99822 | ||
| 041 | _aeng | ||
| 110 |
_aRoyal Institution of Chartered Surveyors _94900 |
||
| 245 | 4 | _aThe key to easier home buying and selling | |
| 260 |
_aLondon _bRoyal Institution of Chartered Surveyors _c1999 |
||
| 350 | _a0 | ||
| 490 |
_aRICS Policy Unit Submission _vPU/SUB/022 |
||
| 942 | _n0 | ||
| 948 | _c09/04/1999 | ||
| 999 |
_c99477 _d99477 |
||